Spain and the European Union : (Record no. 614285)

MARC details
000 -LEADER
fixed length control field 00501nam a2200193 a 4500
008 - FIXED-LENGTH DATA ELEMENTS--GENERAL INFORMATION
fixed length control field 260220s2004##################000#0#eng##
020 ## - INTERNATIONAL STANDARD BOOK NUMBER
ISBN 9780333753385
082 04 - DEWEY DECIMAL CLASSIFICATION NUMBER
Classification number 337.14209
Item number CLO
100 1# - MAIN ENTRY--AUTHOR NAME
Personal name Closa, Carlos,
245 10 - TITLE STATEMENT
Title Spain and the European Union :
260 ## - PUBLICATION, DISTRIBUTION, ETC. (IMPRINT)
Name of publisher Palgrave,
Year of publication 2004.
300 ## - PHYSICAL DESCRIPTION
Number of Pages 275 pages
650 #0 - SUBJECT ADDED ENTRY--TOPICAL TERM
Topical Term Political Science.
942 ## - ADDED ENTRY ELEMENTS (KOHA)
Koha item type English Books
Holdings
Withdrawn status Lost status Damaged status Not for loan Home library Current library Date acquired Full call number Accession Number Price effective from Koha item type
        Anna Centenary Library Anna Centenary Library 20.02.2026 337.14209 CLO 308949 20.02.2026 English Books

Find us on the map